000
00247 a2200097 4500
001
48886
100
_a
Mahar Abdul Haq
245
_a
Educational Philosophy of the Holy Quran
260
_a
Lahore
_b
Inst of Islamic Culture
_c
090
_c
31781
_d
31781
942
_a
NUST-CAE
_c
M
_c
24204
999
_c
283959
_d
283959